Commodities and commodity derivatives (Registro nro. 297812)

Detalles MARC
000 -ENCABEZADO
Número de control [NR] 01001cam a22002654a 4500
005 - FECHA Y HORA DE LA ÚLTIMA TRANSACCIÓN
control field 20150126093725.0
008 - DE LONGITUD FIJA DE DATOS DE ELEMENTOS - INFORMACIÓN GENERAL
Elementos de longitud fija [NR] 150126s2005 enkad fr 001 0 eng
020 ## - NUMERO INTERNACIONAL NORMALIZADO PARA LIBROS [R]
Número Internacional Normalizado del libro [NR] 0470012188
020 ## - NUMERO INTERNACIONAL NORMALIZADO PARA LIBROS [R]
Número Internacional Normalizado del libro [NR] 9780470012185
040 ## - FUENTE DE CATALOGACION [NR]
Agencia de catalogación original [NR] CO-BoUCM
Idioma de catalogación [NR] spa
Quien Cataloga Jose A. Gerena
Quien Clasifica Jose A. Gerena
041 0# - CODIGO DE IDIOMA [R]
Código de idioma para texto/pista de sonido o título separado [R] Inglés
100 1# - ASIENTO PRINCIPAL--NOMBRE PERSONAL [NR]
Nombre personal [NR] Geman, Hélyette
ID Autoridad 66688
245 10 - MENCION DE TITULO [NR]
Título [NR] Commodities and commodity derivatives
Parte restante del título [NR] modelling and pricing for agriculturals, metals, and energy
Mención de responsabilidad, etc. [NR] Helyette Geman
260 ## - PUBLICACION, DISTRIBUCION, ETC. (PIE DE IMPRENTA) [R]
Lugar de publicación, distribución, etc. [R] West Sussex (Inglaterra)
Nombre del editor, distribuidor, etc. [R] John Wiley & Sons
Fecha de publicación, distribución, etc. [R] 2005
300 ## - DESCRIPCION FISICA [R]
Extensión [R] xvii, 396 páginas
Otros detalles físicos [NR] ilustraciones, cuadros, gráficas
504 ## - NOTA DE BIBLIOGRAFIA, ETC. [R]
Nota de bibliografía, etc. [NR] Incluye referencias bibliográficas e índices
650 #7 - ASIENTO SECUNDARIO DE MATERIA - TERMINO TEMATICO [R]
Término temático o nombre geográfico como elemento de entrada [NR] Precios
9 (RLIN) 22165
650 #7 - ASIENTO SECUNDARIO DE MATERIA - TERMINO TEMATICO [R]
Término temático o nombre geográfico como elemento de entrada [NR] Producción
9 (RLIN) 22424
Subdivisión general [R] Precios
650 #7 - ASIENTO SECUNDARIO DE MATERIA - TERMINO TEMATICO [R]
Término temático o nombre geográfico como elemento de entrada [NR] Materias primas
Subdivisión general [R] Precios
9 (RLIN) 66689
650 #7 - ASIENTO SECUNDARIO DE MATERIA - TERMINO TEMATICO [R]
Término temático o nombre geográfico como elemento de entrada [NR] Metales
9 (RLIN) 19400
Subdivisión general [R] Precios
650 #7 - ASIENTO SECUNDARIO DE MATERIA - TERMINO TEMATICO [R]
Término temático o nombre geográfico como elemento de entrada [NR] Precios agrícolas
9 (RLIN) 22167
690 ## - ASUNTO AGREGADO LOCAL DE ENTRADA - TÉRMINO TEMÁTICO (OCLC, RLIN)
9 (RLIN) 42796
Acceso temático local Economía del trabajo
942 ## - ELEMENTOS DE ENTRADA AGREGADOS (KOHA)
Sistema de clasificación DEWEY
Tema principal Economía
Tipo de ítem principal el descrito en 300a Libro
Edición 1
Clasificación 338.52
Parte restante de la signatura top. G322
Existencias
Total préstamos Signatura topográfica Código de barras Última vez visto Ejemplar Costo de reposición Price effective from Tipo de ítem Perdido Sistema de clasificación Dañado No prestable Tipo de ítem específico Suprimido Ubicación habitual Ubicación actual Localización Fecha de creación Proveedor Forma de adquisición Costo Fecha de último préstamo
  338.52 G322 100144634 03/12/2025 Ej.4 200118.00 11/12/2014 Libro   DEWEY     Libro   Claustro Claustro Mezanine 11/12/2014 15 Compra 200795.00  
1 338.52 G322 100144633 03/12/2025 Ej.3 200118.00 11/12/2014 Libro   DEWEY     Libro   Claustro Claustro Mezanine 11/12/2014 15 Compra 200795.00 11/07/2016
  338.52 G322 100144631 03/12/2025 Ej.1 200118.00 11/12/2014 Libro   DEWEY     Libro   Claustro Claustro Mezanine 11/12/2014 15 Compra 200795.00  
  338.52 G322 100144632 03/12/2025 Ej.2 200118.00 11/12/2014 Libro   DEWEY     Libro   Claustro Claustro Mezanine 11/12/2014 15 Compra 200795.00